[Event "2024 Newport Open"]
[Site "Newport"]
[Date "2024.08.17"]
[Round "3.13"]
[White "Gillings, Matthew"]
[Black "Wastney, Dylan"]
[Result "1-0"]
[WhiteElo "1750"]
[BlackElo "1910"]
[PlyCount "147"]
[EventDate "2024.08.16"]

1. c4 e6 2. g3 Nf6 3. Bg2 d5 4. Nf3 dxc4 5. O-O Be7 6. Na3 Bxa3 7. bxa3 O-O 8. Qc2 a6 9. Bb2 Nbd7 10. Qxc4 c5 11. Qc2 b5 12. Ne5 Nd5 13. Nxd7 Qxd7 14. Qxc5 Bb7 15. Qd4 f6 16. e4 e5 17. Qd3 Nb6 18. Qxd7 Nxd7 19. d4 exd4 20. Bxd4 Rfe8 21. f3 Rac8 22. Bh3 Rc7 23. Rac1 Rec8 24. Be3 Rxc1 25. Rxc1 Rxc1+ 26. Bxc1 Ne5 27. Be6+ Kf8 28. Kg2 Ke7 29. Bg8 h5 30. Bd2 Kf8 31. Bb3 Ke7 32. Bb4+ Kd7 33. Bc2 f5 34. h3 g5 35. Kf2 fxe4 36. fxe4 g4 37. h4 Nc4 38. Ke2 Ke6 39. Kd3 Ke5 40. Bc3+ Kd6 41. Kd4 Ne5 42. Bb4+ Ke6 43. Bb3+ Kf6 44. Be7+ Kxe7 45. Kxe5 Bc8 46. Kf4 Kf6 47. e5+ Kg6 48. Bc2+ Kh6 49. Bf5 Bb7 50. Ke3 Bd5 51. Bb1 Kg7 52. Kd4 Bc4 53. Kc5 Kf7 54. Kd6 a5 55. Bf5 Bxa2 56. e6+ Kf6 57. e7 Bf7 58. Bd7 b4 59. axb4 axb4 60. e8=Q Bxe8 61. Bxe8 Kf5 62. Bxh5 b3 63. Bf7 b2 64. Ba2 Kg6 65. Ke5 Kh6 66. Kf4 Kh5 67. Bb1 Kh6 68. Kxg4 Kg7 69. Kg5 Kh8 70. Kh6 Kg8 71. g4 Kh8 72. g5 Kg8 73. g6 Kh8 74. g7+ 1-0

[Event "2024 Newport Open"]
[Site "Newport"]
[Date "2024.08.17"]
[Round "3.14"]
[White "Hill, Andy"]
[Black "Powell-Jones, Liam"]
[Result "1-0"]
[WhiteElo "1904"]
[BlackElo "1718"]
[PlyCount "95"]
[EventDate "2024.08.16"]

1. Nf3 Nf6 2. c4 g6 3. d4 d5 4. cxd5 c6 5. dxc6 Nxc6 6. Nc3 Bg4 7. e3 Bg7 8. Be2 O-O 9. O-O Qb6 10. Nd2 Bxe2 11. Qxe2 Rad8 12. f4 Rd7 13. Nb3 Rfd8 14. Bd2 a5 15. Rac1 Qa7 16. Nc5 Rxd4 17. exd4 Nxd4 18. Qc4 b5 19. Nxb5 Nxb5 20. Rfd1 Nd6 21. Qa6 Qb8 22. Bxa5 Qxb2 23. Bc3 Qb8 24. h3 Rc8 25. Be5 Nh5 26. Rb1 Qc7 27. Rdc1 Qd8 28. a4 Bxe5 29. fxe5 Nf5 30. Rd1 Qc7 31. Rbc1 Rd8 32. Rxd8+ Qxd8 33. Qd3 Qb6 34. Qb5 Qd8 35. Qd7 Qa5 36. g4 Nhg3 37. Kf2 Nh1+ 38. Kg2 Qa8+ 39. Qb7 Qa5 40. Qb8+ Kg7 41. Qb2 Nfg3 42. Qc3 Qa8+ 43. Qf3 Qa5 44. Qe3 Qa8+ 45. Kh2 Qd5 46. Rg1 Qa2+ 47. Rg2 Qd5 48. Rxg3 1-0

[Event "2024 Newport Open"]
[Site "Newport"]
[Date "2024.08.17"]
[Round "3.15"]
[White "Dixon, Chris"]
[Black "Szakmany, Bence"]
[Result "0-1"]
[WhiteElo "1799"]
[BlackElo "1901"]
[PlyCount "74"]
[EventDate "2024.08.16"]

1. d4 Nf6 2. Nc3 d5 3. Bf4 e6 4. e3 Bb4 5. Bd3 c5 6. dxc5 Nbd7 7. a3 Bxc5 8. Nf3 O-O 9. O-O Re8 10. Ne5 a6 11. Qf3 Nxe5 12. Bxe5 Nd7 13. Bg3 b5 14. Rad1 Bb7 15. e4 d4 16. Nb1 Qg5 17. Qf4 Qxf4 18. Bxf4 Rac8 19. Nd2 e5 20. Bg3 Nb6 21. f4 exf4 22. Bxf4 Na4 23. b4 Bb6 24. Rb1 Nc3 25. Rbe1 Re7 26. Bd6 Re6 27. e5 g6 28. Rf6 Rce8 29. Ref1 Rxf6 30. Rxf6 Nd5 31. Ne4 Kg7 32. Rf1 Ne3 33. Rf2 Bxe4 34. Bxe4 Rc8 35. Kh1 Rc3 36. h3 Rxa3 37. h4 Ra1+ 0-1

[Event "2024 Newport Open"]
[Site "Newport"]
[Date "2024.08.17"]
[Round "3.16"]
[White "Mcghee, David"]
[Black "Chong, Kimberly"]
[Result "1-0"]
[WhiteElo "1831"]
[BlackElo "1782"]
[PlyCount "69"]
[EventDate "2024.08.16"]

1. e4 d5 2. exd5 Nf6 3. d4 Nxd5 4. c4 Nb6 5. Nf3 g6 6. Nc3 Bg7 7. Be3 Nc6 8. h3 O-O 9. Rc1 e5 10. d5 Ne7 11. Be2 f5 12. O-O e4 13. Nh2 Nd7 14. Qd2 Ne5 15. Rfd1 b6 16. Nf1 Nf7 17. f3 Nd6 18. b3 Bd7 19. Ng3 Be5 20. f4 Bf6 21. Bf1 Rf7 22. b4 Bh4 23. Kh2 Bxg3+ 24. Kxg3 g5 25. c5 gxf4+ 26. Bxf4 Rg7+ 27. Kh2 bxc5 28. bxc5 e3 29. Qxe3 Ne4 30. Bc4 Ng6 31. Bxc7 Qh4 32. Nxe4 fxe4 33. Bg3 Qh5 34. c6 Bf5 35. Bf2 1-0

[Event "2024 Newport Open"]
[Site "Newport"]
[Date "2024.08.17"]
[Round "3.17"]
[White "Berkley, Stephen W"]
[Black "Holmes, Matthew A"]
[Result "1/2-1/2"]
[WhiteElo "1817"]
[BlackElo "1747"]
[PlyCount "68"]
[EventDate "2024.08.16"]

1. d4 d5 2. c4 dxc4 3. Nf3 Nf6 4. Qa4+ c6 5. Qxc4 Be6 6. Qc2 Qa5+ 7. Bd2 Qf5 8. Qxf5 Bxf5 9. Nc3 h6 10. g3 e6 11. Bg2 Nbd7 12. O-O g5 13. a3 Bg7 14. b4 Ne4 15. e3 g4 16. Nxe4 Bxe4 17. Nh4 Bd3 18. Rfc1 Bf6 19. a4 a6 20. b5 axb5 21. axb5 Rxa1 22. Rxa1 Bxb5 23. Ra8+ Ke7 24. Bb4+ c5 25. Rxh8 Bxh8 26. dxc5 Bc6 27. Bf1 Ne5 28. Be2 f5 29. Ng2 Bf6 30. Nf4 Bg5 31. h4 Bxf4 32. exf4 Nd7 33. Bd3 Nf6 34. Bc3 Nd7 1/2-1/2

[Event "2024 Newport Open"]
[Site "Newport"]
[Date "2024.08.17"]
[Round "3.18"]
[White "Thomas, Jac"]
[Black "Kong, Emma Zihan"]
[Result "1/2-1/2"]
[WhiteElo "1996"]
[BlackElo "1698"]
[PlyCount "56"]
[EventDate "2024.08.16"]

1. d4 d5 2. e4 dxe4 3. Nc3 Nf6 4. f3 exf3 5. Qxf3 e6 6. Be3 Bb4 7. Bd3 Nc6 8. Nge2 e5 9. d5 Ne7 10. Bb5+ Bd7 11. Bxd7+ Qxd7 12. O-O-O Qg4 13. Qf2 a6 14. h3 Qd7 15. Qg3 Nf5 16. Qxe5+ Qe7 17. Qxf5 Qxe3+ 18. Kb1 O-O 19. Rd3 Qe7 20. Rg3 Bd6 21. Rf3 Qe5 22. Ng3 Rfe8 23. Rd1 Qxf5 24. Nxf5 Bb4 25. d6 cxd6 26. Nxd6 Bxd6 27. Rxd6 Re1+ 28. Rd1 Rae8 1/2-1/2

[Event "2024 Newport Open"]
[Site "Newport"]
[Date "2024.08.17"]
[Round "3.19"]
[White "Jukes, Sam"]
[Black "Hu, Junyan"]
[Result "1-0"]
[WhiteElo "1915"]
[BlackElo "1720"]
[PlyCount "107"]
[EventDate "2024.08.16"]

1. e4 c5 2. Nf3 e6 3. d4 cxd4 4. Nxd4 Nf6 5. Nc3 Nc6 6. Nxc6 bxc6 7. e5 Nd5 8. Ne4 Qc7 9. f4 Qb6 10. c4 Bb4+ 11. Ke2 f5 12. Ng5 Ba6 13. Kf3 Nc7 14. Be3 Qb7 15. Kg3 g6 16. b3 h6 17. Nf3 Be7 18. h4 Rg8 19. Kf2 O-O-O 20. Bd3 Kb8 21. a3 Ka8 22. b4 Rb8 23. Rb1 Qc8 24. Qa4 c5 25. Qa5 Bd8 26. Qxc5 Nb5 27. cxb5 Bb6 28. Qxc8 Bxe3+ 29. Kxe3 Bxc8 30. Rbc1 Bb7 31. Rc7 Rgd8 32. Nd4 Rbc8 33. Rhc1 Rxc7 34. Rxc7 Bxg2 35. Be2 Kb8 36. Rc1 Bb7 37. Bf3 Bc8 38. Rg1 Rg8 39. Bh5 Rh8 40. Rxg6 Bb7 41. Bf3 Bxf3 42. Kxf3 Kc7 43. h5 Kd8 44. a4 Kc7 45. a5 Kb7 46. Nxe6 dxe6 47. Rxe6 Kc7 48. Rf6 Rd8 49. Ke3 Rd1 50. Rxf5 Rb1 51. Kd4 Rxb4+ 52. Kc5 Rb1 53. Rf7+ Kd8 54. Rxa7 1-0

[Event "2024 Newport Open"]
[Site "Newport"]
[Date "2024.08.17"]
[Round "3.20"]
[White "Acharya, Kandara"]
[Black "Brewer, Ben"]
[Result "0-1"]
[WhiteElo "1753"]
[BlackElo "1895"]
[PlyCount "88"]
[EventDate "2024.08.16"]

1. c4 g6 2. g3 Bg7 3. Bg2 c5 4. Nf3 Nc6 5. O-O e6 6. d3 Nge7 7. Nc3 O-O 8. Bf4 d6 9. Qd2 b6 10. Bh6 e5 11. h4 Qd7 12. Bxg7 Kxg7 13. h5 h6 14. hxg6 fxg6 15. Ne4 Bb7 16. Nh2 Rad8 17. Bf3 Nd4 18. Bg4 Qc6 19. e3 Ndf5 20. Bf3 Qc7 21. Kg2 Rd7 22. Rh1 d5 23. cxd5 Nxd5 24. Ng4 Ba6 25. Ng5 hxg5 26. e4 Nf4+ 27. gxf4 Rxd3 28. Qc1 Nh4+ 29. Rxh4 gxh4 30. Nxe5 Rxf3 31. Nxf3 Qxf4 32. Qxf4 Rxf4 33. Rd1 Be2 34. Rd7+ Kf8 35. Ne5 Rxe4 36. f4 g5 37. Rxa7 gxf4 38. Ng6+ Ke8 39. Nxh4 Bg4 40. Ng6 Re2+ 41. Kf1 f3 42. Nf4 Rxb2 43. Rg7 Bd7 44. Rg3 Bb5+ 0-1

[Event "2024 Newport Open"]
[Site "Newport"]
[Date "2024.08.18"]
[Round "4.1"]
[White "Chan, Sheng Liang Bernard"]
[Black "Lentzos, Ioanis"]
[Result "1/2-1/2"]
[WhiteElo "2093"]
[BlackElo "2119"]
[Annotator "Paul,Hatchett"]
[PlyCount "62"]
[EventDate "2024.08.16"]

1. d4 {[%emt 0:00:16]} d5 {[%emt 0:00:04]} 2. c4 {[%emt 0:00:18]} c6 {[%emt 0:00:03]} 3. cxd5 {[%emt 0:00:17]} cxd5 {[%emt 0:00:04]} 4. Nc3 {[%emt 0:00:22]} Nf6 {[%emt 0:00:11]} 5. Bf4 {[%emt 0:00:10]} Nc6 {[%emt 0:00:15]} 6. e3 {[%emt 0:00:20]} a6 {[%emt 0:00:16]} 7. Be2 {[%emt 0:00:22]} Bf5 {[%emt 0:00:30]} 8. Nf3 {[%emt 0:03:21]} Nh5 {[%emt 0:07:52]} 9. Bg5 {[%emt 0:00:48]} h6 {[%emt 0:00:14]} 10. Bh4 {[%emt 0:00:05]} g5 {[%emt 0:00:13]} 11. Ne5 {[%emt 0:00:25]} Nxe5 {[%emt 0:03:27]} 12. dxe5 {[%emt 0:00:31]} gxh4 {[%emt 0:00:17]} 13. Bxh5 {[%emt 0:00:07]} e6 {[%emt 0:00:27]} 14. Bg4 {[%emt 0:06:40]} Bg6 {[%emt 0:07:52]} 15. O-O {[%emt 0:01:22]} Bg7 {[%emt 0:00:36]} 16. f4 {[%emt 0:03:23]} O-O {[%emt 0:01:01]} 17. Ne2 {[%emt 0:02:17]} Qb6 {[%emt 0:07:58]} 18. Qd4 {[%emt 0:00:48]} Qb5 {[%emt 0:00:24]} 19. a4 {[%emt 0:01:45]} Qd7 {[%emt 0:07:29]} 20. Rfc1 {[%emt 0:03:34]} Rac8 {[%emt 0:01:00]} 21. Qb6 {[%emt 0:05:01]} Rxc1+ {[%emt 0:05:54]} 22. Rxc1 {[%emt 0:00:04]} Qxa4 {[%emt 0:00:27]} 23. Qxb7 {[%emt 0:01:17]} Bxe5 {[%emt 0:02:57]} 24. Bxe6 {[%emt 0:04:34]} fxe6 {[%emt 0:00:24]} 25. fxe5 {[%emt 0:00:27]} Qg4 26. Nf4 {[%emt 0:02:46]} Be4 {[%emt 0:00:42]} 27. Qe7 {[%emt 0:00:44]} h3 {[%emt 0:09:48]} 28. Qxe6+ {[%emt 0:02:19]} Qxe6 {[%emt 0:00:10]} 29. Nxe6 {[%emt 0:00:03]} Re8 {[%emt 0:01:03]} 30. Nf4 {[%emt 0:00:13]} hxg2 {[%emt 0:01:09]} 31. e6 {[%emt 0:01:23]} Kg7 {[%emt 0:19:27]} 1/2-1/2

[Event "2024 Newport Open"]
[Site "Newport"]
[Date "2024.08.18"]
[Round "4.2"]
[White "Beaumont, Chris R"]
[Black "Pleasants, Allan J"]
[Result "1-0"]
[WhiteElo "2183"]
[BlackElo "2013"]
[Annotator "Paul,Hatchett"]
[PlyCount "41"]
[EventDate "2024.08.16"]

1. Nf3 {[%emt 0:00:06]} g6 {[%emt 0:00:10]} 2. d4 {[%emt 0:00:17]} Bg7 {[%emt 0:00:06]} 3. c4 {[%emt 0:00:10]} d6 {[%emt 0:00:22]} 4. Nc3 {[%emt 0:00:07]} Nf6 {[%emt 0:01:14]} 5. e4 {[%emt 0:00:09]} O-O {[%emt 0:01:27]} 6. Be2 {[%emt 0:00:05]} Bg4 {[%emt 0:05:27]} 7. Be3 {[%emt 0:00:13]} Nc6 {[%emt 0:00:41]} 8. d5 {[%emt 0:00:08]} Nb8 {[%emt 0:01:04]} 9. O-O {[%emt 0:00:58]} Nbd7 {[%emt 0:00:58]} 10. h3 {[%emt 0:00:20]} Bxf3 {[%emt 0:00:06]} 11. Bxf3 {[%emt 0:00:02]} c5 {[%emt 0:20:35]} 12. Qd2 {[%emt 0:07:33]} Ne8 {[%emt 0:01:03]} 13. Be2 {[%emt 0:09:30]} a6 {[%emt 0:09:39]} 14. a4 {[%emt 0:07:32]} e5 {[%emt 0:00:50]} 15. dxe6 {[%emt 0:00:42]} fxe6 {[%emt 0:00:06]} 16. Rad1 {[%emt 0:00:30]} Qe7 {[%emt 0:03:09]} 17. f4 {[%emt 0:00:47]} Kh8 {[%emt 0:04:43]} 18. e5 {[%emt 0:00:52]} Rd8 {[%emt 0:08:55]} 19. exd6 {[%emt 0:01:45]} Qf7 {[%emt 0:00:15]} 20. Ne4 {[%emt 0:00:26]} b6 {[%emt 0:00:39]} 21. Ng5 {[%emt 0:00:37]} 1-0

[Event "2024 Newport Open"]
[Site "Newport"]
[Date "2024.08.18"]
[Round "4.3"]
[White "Duke, Dillan"]
[Black "Stubbs, Oliver"]
[Result "1-0"]
[WhiteElo "1957"]
[BlackElo "2114"]
[PlyCount "61"]
[EventDate "2024.08.16"]

1. e4 e6 2. d4 d5 3. Nc3 Nf6 4. e5 Nfd7 5. f4 c5 6. Nf3 Nc6 7. Be3 a6 8. Qd2 Be7 9. Be2 b5 10. Nd1 b4 11. O-O O-O 12. Kh1 a5 13. dxc5 Bxc5 14. Nd4 Nxd4 15. Bxd4 Ba6 16. Bxa6 Rxa6 17. c3 Qb6 18. f5 bxc3 19. bxc3 Bxd4 20. cxd4 Qb4 21. Qe3 exf5 22. Rxf5 Rc6 23. a3 Qc4 24. Qf2 Qd3 25. Rf3 Qe4 26. Nc3 Qg4 27. Nxd5 Qe6 28. Ne3 Rc3 29. Nf5 Rxf3 30. Qxf3 f6 31. Qg4 1-0

[Event "2024 Newport Open"]
[Site "Newport"]
[Date "2024.08.18"]
[Round "4.4"]
[White "Thomas, Joseff"]
[Black "Crawford, Owen"]
[Result "0-1"]
[WhiteElo "2043"]
[BlackElo "2010"]
[PlyCount "60"]
[EventDate "2024.08.16"]

1. e4 e5 2. Nf3 Nc6 3. Bc4 Nf6 4. Ng5 d5 5. exd5 Na5 6. Bb5+ c6 7. dxc6 bxc6 8. Qf3 cxb5 9. Qxa8 Qc7 10. Qf3 Nc6 11. c3 Bg4 12. Qg3 Nd4 13. Na3 Ne2 14. Qd3 Nf4 15. Qxb5+ Bd7 16. Qc4 Nxg2+ 17. Kf1 Bc6 18. Nxf7 Nf4 19. f3 Bxa3 20. Nxe5 Qxe5 21. Qxc6+ Ke7 22. Qb7+ Kf8 23. Qa8+ Kf7 24. Qxa7+ Be7 25. Qe3 Qf5 26. h4 Re8 27. d3 Bd6 28. Qa7+ Re7 29. Qd4 Nxd3 30. Bf4 Bxf4 0-1

[Event "2024 Newport Open"]
[Site "Newport"]
[Date "2024.08.18"]
[Round "4.5"]
[White "Gomez, Daniel"]
[Black "Brown, Thomas"]
[Result "1-0"]
[WhiteElo "1987"]
[BlackElo "2139"]
[PlyCount "71"]
[EventDate "2024.08.16"]

1. e4 c5 2. Nf3 d6 3. d4 cxd4 4. Nxd4 Nf6 5. Nc3 g6 6. Be3 Nc6 7. f3 h5 8. Bc4 Qa5 9. Nb3 Qc7 10. Qd2 a6 11. Qf2 Ne5 12. Be2 Be6 13. Bb6 Qc8 14. O-O-O Bg7 15. h3 Nc4 16. Bxc4 Bxc4 17. f4 O-O 18. Kb1 a5 19. Nxa5 Nd7 20. Nxc4 Bxc3 21. Bd4 Qxc4 22. Bxc3 Qxa2+ 23. Kc1 Nc5 24. Qd4 e5 25. fxe5 Ra4 26. b4 Ne6 27. Qd5 Qa3+ 28. Bb2 Qxb4 29. exd6 Qxe4 30. Qxe4 Rxe4 31. Bf6 Re2 32. g4 Rf2 33. g5 Rc8 34. d7 Rcxc2+ 35. Kb1 Rcd2 36. Bc3 1-0

[Event "2024 Newport Open"]
[Site "Newport"]
[Date "2024.08.18"]
[Round "4.6"]
[White "Varley, Peter"]
[Black "Zhang, Junyi"]
[Result "1-0"]
[WhiteElo "2123"]
[BlackElo "1936"]
[PlyCount "103"]
[EventDate "2024.08.16"]

1. d4 Nf6 2. c4 e6 3. Nc3 Bb4 4. f3 d5 5. a3 Bxc3+ 6. bxc3 O-O 7. e3 c5 8. cxd5 Nxd5 9. Ne2 Nc6 10. e4 Nde7 11. dxc5 Qa5 12. Be3 Rd8 13. Qc2 Ne5 14. Nc1 Bd7 15. a4 Bc6 16. Be2 Qc7 17. O-O Rac8 18. Nb3 Be8 19. Bf2 Nd7 20. a5 a6 21. Rfd1 Nc6 22. Qa2 Nde5 23. Nd4 Qe7 24. Rab1 Ng6 25. Qa3 Nce5 26. Qb4 Qxc5 27. Qxc5 Rxc5 28. Nxe6 Rxd1+ 29. Rxd1 Rxc3 30. Be1 Rc8 31. Rd8 Ne7 32. Rxc8 Nxc8 33. Nd8 Nd6 34. Bb4 Nb5 35. Nxb7 Bc6 36. Nd6 f6 37. Nxb5 axb5 38. Kf2 Nd7 39. Ke3 Kf7 40. Kd4 Ke8 41. Bd1 Kd8 42. Bb3 Kc7 43. f4 Nb8 44. g3 Na6 45. Bf8 g6 46. Bg7 f5 47. exf5 gxf5 48. Bf8 Kd8 49. Ke5 Be4 50. Be6 Ke8 51. Bd6 b4 52. Bc4 1-0

[Event "2024 Newport Open"]
[Site "Newport"]
[Date "2024.08.18"]
[Round "4.7"]
[White "Gillings, Matthew"]
[Black "Cave, Iwan"]
[Result "0-1"]
[WhiteElo "1750"]
[BlackElo "2047"]
[PlyCount "60"]
[EventDate "2024.08.16"]

1. c4 e5 2. g3 c6 3. d4 e4 4. Nc3 d5 5. Nh3 Nf6 6. Bg5 dxc4 7. Nf4 Bf5 8. Bg2 Nbd7 9. O-O h6 10. Bxf6 Nxf6 11. e3 Bb4 12. Qc2 Qe7 13. a3 Ba5 14. Rfd1 O-O 15. Bf1 b5 16. d5 Bg4 17. Be2 Bxc3 18. Bxg4 Be5 19. Bf5 Bxf4 20. exf4 cxd5 21. Rd4 Rfd8 22. Rad1 a5 23. h4 b4 24. a4 e3 25. fxe3 Qxe3+ 26. Qf2 Re8 27. Bh3 Qb3 28. Bg2 Ne4 29. Bxe4 dxe4 30. Rd7 Rac8 0-1

[Event "2024 Newport Open"]
[Site "Newport"]
[Date "2024.08.18"]
[Round "4.8"]
[White "Davis, Colin"]
[Black "Tapp, James"]
[Result "1-0"]
[WhiteElo "2046"]
[BlackElo "1939"]
[PlyCount "87"]
[EventDate "2024.08.16"]

1. Nf3 d5 2. b3 Nf6 3. Bb2 Bf5 4. Nh4 Bg4 5. h3 Bh5 6. g4 Bg6 7. Nxg6 hxg6 8. Bg2 c6 9. e3 Nbd7 10. d4 e6 11. a3 Bd6 12. c4 Ne4 13. Nc3 f5 14. Qc2 Qa5 15. c5 Be7 16. b4 Qc7 17. Ne2 Bh4 18. Bxe4 fxe4 19. Nf4 O-O 20. Nxe6 Rxf2 21. Nxc7 Rh2+ 22. Qf2 Rxf2 23. Nxa8 Rh2+ 24. Kf1 Rxh1+ 25. Kg2 Rxa1 26. Bxa1 Kf7 27. Bc3 Bd8 28. Be1 Nf8 29. Bg3 Ne6 30. a4 Ke8 31. Bb8 a5 32. bxa5 Bxa5 33. Nb6 Kd8 34. Be5 Bd2 35. Kf2 Bc3 36. Bd6 Ba5 37. h4 Bc3 38. h5 gxh5 39. gxh5 Nc7 40. Be5 Ne6 41. Bxg7 Ke7 42. h6 Kf7 43. Nc8 Nxg7 44. h7 1-0

[Event "2024 Newport Open"]
[Site "Newport"]
[Date "2024.08.18"]
[Round "4.10"]
[White "Homer, Stephen J"]
[Black "Tuson, Jon"]
[Result "1-0"]
[WhiteElo "1996"]
[BlackElo "1842"]
[PlyCount "31"]
[EventDate "2024.08.16"]

1. e4 d6 2. d4 Nf6 3. Nc3 g6 4. g3 Bg7 5. Bg2 O-O 6. Nge2 e5 7. O-O Bg4 8. h3 Bd7 9. Bg5 Qc8 10. Kh2 c6 11. Qd2 Nh5 12. Be7 Re8 13. Bxd6 f5 14. dxe5 Be6 15. exf5 Bxf5 16. f4 1-0

[Event "2024 Newport Open"]
[Site "Newport"]
[Date "2024.08.18"]
[Round "4.11"]
[White "Richards, Gareth"]
[Black "Meek, Stephen J"]
[Result "0-1"]
[WhiteElo "1588"]
[BlackElo "1970"]
[PlyCount "58"]
[EventDate "2024.08.16"]

1. e4 c6 2. d4 d5 3. e5 c5 4. c3 Nc6 5. Nf3 cxd4 6. cxd4 Bg4 7. Be2 e6 8. O-O Nge7 9. h3 Bxf3 10. Bxf3 Nf5 11. Be3 Qb6 12. Nd2 Ncxd4 13. Bg4 Nxe3 14. fxe3 Nc6 15. Nf3 Qxe3+ 16. Kh1 Be7 17. h4 O-O 18. g3 Nxe5 19. Nxe5 Qxe5 20. Rf3 Qe4 21. Qf1 Qxg4 22. Kh2 Rac8 23. Re1 Rc2+ 24. Re2 Rxe2+ 25. Qxe2 Rc8 26. Qf2 Qe4 27. Kh3 Rc2 28. Qe3 Qxe3 29. Rxe3 Rxb2 0-1

[Event "2024 Newport Open"]
[Site "Newport"]
[Date "2024.08.18"]
[Round "4.12"]
[White "Wu, Yuxuan"]
[Black "Mcghee, David"]
[Result "1/2-1/2"]
[WhiteElo "1933"]
[BlackElo "1831"]
[PlyCount "119"]
[EventDate "2024.08.16"]

1. d4 Nf6 2. c4 g6 3. Nc3 d5 4. cxd5 Nxd5 5. e4 Nxc3 6. bxc3 Bg7 7. Nf3 c5 8. Rb1 O-O 9. Be2 cxd4 10. cxd4 Qa5+ 11. Bd2 Qxa2 12. h3 Rd8 13. Qc1 Qe6 14. e5 Nc6 15. Be3 Qd7 16. O-O b6 17. Bb5 Bb7 18. Rd1 a6 19. Bc4 b5 20. Bxf7+ Kxf7 21. e6+ Kxe6 22. Ng5+ Kf6 23. d5 e5 24. Ne6 Ne7 25. Bg5+ Kf7 26. Nxd8+ Rxd8 27. d6 Rc8 28. dxe7 Rxc1 29. Rbxc1 Bd5 30. Rc5 Bf6 31. Rcxd5 Qxe7 32. Rd7 Bxg5 33. Rxe7+ Kxe7 34. Ra1 Kd6 35. Rxa6+ Kc5 36. Kf1 b4 37. Ke2 Kd4 38. Rc6 b3 39. Kd1 Kd3 40. Rc7 b2 41. Rb7 Bc1 42. Rb3+ Ke4 43. Kc2 h6 44. Rb6 Kf5 45. g4+ Kg5 46. Re6 Kh4 47. Rxg6 Kxh3 48. f3 Kg3 49. Rf6 Bf4 50. Kxb2 Kxf3 51. Rg6 e4 52. Kc2 e3 53. Kd3 Bg5 54. Re6 Kxg4 55. Ke2 Kg3 56. Kf1 Bf4 57. Ke2 h5 58. Re7 Kg4 59. Rg7+ Bg5 60. Rxg5+ 1/2-1/2

[Event "2024 Newport Open"]
[Site "Newport"]
[Date "2024.08.18"]
[Round "4.13"]
[White "Fathallah, Joe"]
[Black "Szakmany, Bence"]
[Result "1-0"]
[WhiteElo "1992"]
[BlackElo "1901"]
[PlyCount "65"]
[EventDate "2024.08.16"]

1. d4 Nf6 2. g4 Nxg4 3. e4 d6 4. Be2 Nf6 5. Nc3 e5 6. Bg5 Be7 7. Nf3 exd4 8. Qxd4 Nc6 9. Qd2 Be6 10. O-O-O h6 11. Bf4 g5 12. Be3 Ng4 13. Kb1 Nxe3 14. Qxe3 g4 15. Nd4 Nxd4 16. Qxd4 Bf6 17. Qb4 c5 18. Qa3 Be5 19. Nd5 Bxd5 20. Rxd5 Qd7 21. Rhd1 Qe6 22. Qa4+ Ke7 23. Qb3 Rhb8 24. a4 Bxh2 25. Qe3 Be5 26. Rh1 Rh8 27. Rh5 a6 28. Bc4 Qg6 29. Rdxe5+ dxe5 30. Qxc5+ Kd7 31. Rxe5 Rhc8 32. Qe7+ Kc6 33. Bd5+ 1-0

[Event "2024 Newport Open"]
[Site "Newport"]
[Date "2024.08.18"]
[Round "4.14"]
[White "Turner, Joseph David"]
[Black "Jukes, Sam"]
[Result "1/2-1/2"]
[WhiteElo "1862"]
[BlackElo "1915"]
[PlyCount "85"]
[EventDate "2024.08.16"]

1. e4 e5 2. f4 exf4 3. Nf3 d6 4. Bc4 Nc6 5. d4 Bg4 6. Bxf4 Qf6 7. Be3 Bxf3 8. Qxf3 Qxf3 9. gxf3 g6 10. c3 Bh6 11. Bxh6 Nxh6 12. Na3 f5 13. O-O fxe4 14. fxe4 Nd8 15. Nb5 Kd7 16. e5 d5 17. Bb3 a6 18. Na3 c6 19. c4 Nf5 20. cxd5 Nxd4 21. dxc6+ Kxc6 22. Rf6+ Kc7 23. Rc1+ N8c6 24. Rf7+ Kb8 25. Re1 Nd8 26. Rf4 Nxb3 27. axb3 b5 28. e6 Re8 29. e7 Nc6 30. Rf7 Kc8 31. Rxh7 Ra7 32. Re6 Nd4 33. Rxg6 Nxb3 34. h4 Nc5 35. Rc6+ Rc7 36. Rxc7+ Kxc7 37. Nc2 Kd7 38. Kg2 Rxe7 39. Rxe7+ Kxe7 40. Kf3 Kf6 41. b4 Nb3 42. Ke4 a5 43. bxa5 1/2-1/2

[Event "2024 Newport Open"]
[Site "Newport"]
[Date "2024.08.18"]
[Round "4.15"]
[White "Wastney, Dylan"]
[Black "Berkley, Stephen W"]
[Result "1-0"]
[WhiteElo "1910"]
[BlackElo "1817"]
[PlyCount "53"]
[EventDate "2024.08.16"]

1. e4 e6 2. d4 d5 3. e5 Ne7 4. Nf3 b6 5. c3 Qd7 6. Bd3 Ba6 7. O-O Bxd3 8. Qxd3 c5 9. Na3 c4 10. Qe2 Ng6 11. Nc2 Be7 12. Bd2 Nc6 13. Rfe1 Na5 14. g3 O-O-O 15. Reb1 f5 16. exf6 Bxf6 17. b3 Kb8 18. h4 e5 19. dxe5 Rde8 20. h5 Qh3 21. Ne3 Nxe5 22. Nxd5 Qxh5 23. Bf4 Kb7 24. Nd4 Ng4 25. Qf3 Qh2+ 26. Kf1 Bxd4 27. Nb4+ 1-0

[Event "2024 Newport Open"]
[Site "Newport"]
[Date "2024.08.18"]
[Round "4.16"]
[White "May, Adam J"]
[Black "Mcbeath, Joel"]
[Result "1-0"]
[WhiteElo "1903"]
[BlackElo "1806"]
[PlyCount "91"]
[EventDate "2024.08.16"]

1. d4 Nf6 2. Nf3 d5 3. g3 e6 4. Bg2 c5 5. O-O Nc6 6. c4 dxc4 7. Ne5 Nxe5 8. dxe5 Qxd1 9. Rxd1 Nd7 10. Na3 Rb8 11. Nxc4 Be7 12. a4 O-O 13. Bf4 Rd8 14. a5 h6 15. h4 Kf8 16. Rd2 Ke8 17. Nd6+ Bxd6 18. Rxd6 Nf8 19. Rxd8+ Kxd8 20. Be3 Nd7 21. f4 b6 22. axb6 Rxb6 23. Rxa7 Rxb2 24. Kf2 h5 25. Be4 g6 26. Bc1 Rb4 27. Bf3 Rb1 28. Bd2 Rb3 29. Ba5+ Ke7 30. Bc7 f6 31. Bd6+ Ke8 32. exf6 Nxf6 33. Bxc5 Nd5 34. Rg7 Rb5 35. Bd4 Ne7 36. Bf6 Nf5 37. Bc6+ Kf8 38. Rc7 Rb8 39. Be5 Ba6 40. Bd7 Rb6 41. Bc3 Ke7 42. Ba4+ Kf8 43. Ra7 Bb5 44. Bb4+ Kg8 45. Bc5 Ra6 46. Bxb5 1-0

[Event "2024 Newport Open"]
[Site "Newport"]
[Date "2024.08.18"]
[Round "4.17"]
[White "Powell-Jones, Liam"]
[Black "Brewer, Ben"]
[Result "0-1"]
[WhiteElo "1718"]
[BlackElo "1895"]
[PlyCount "68"]
[EventDate "2024.08.16"]

1. e4 e6 2. b3 d5 3. Bb2 dxe4 4. Nc3 Nf6 5. Qe2 Qd4 6. O-O-O Bd7 7. d3 exd3 8. Rxd3 Qb6 9. Nf3 Be7 10. h4 h6 11. Rg1 Nc6 12. Na4 Qa6 13. Qd1 O-O-O 14. Rd5 Qxf1 15. Qxf1 exd5 16. Ne5 Rhg8 17. Nxc6 Bxc6 18. g4 Kb8 19. g5 hxg5 20. hxg5 Ne4 21. f4 f6 22. Nc3 Nxc3 23. Bxc3 d4 24. Bb2 Rd7 25. Qh3 Rgd8 26. g6 d3 27. cxd3 Rxd3 28. Qh7 Bc5 29. Re1 Bb4 30. Rf1 Be4 31. Qxg7 Bd2+ 32. Kd1 Bxf4+ 33. Ke2 Re3+ 34. Kf2 Rd2+ 0-1

[Event "2024 Newport Open"]
[Site "Newport"]
[Date "2024.08.18"]
[Round "4.18"]
[White "Perrin, Brent"]
[Black "Dixon, Chris"]
[Result "0-1"]
[WhiteElo "1879"]
[BlackElo "1799"]
[PlyCount "104"]
[EventDate "2024.08.16"]

1. e4 d5 2. exd5 Qxd5 3. Nc3 Qd8 4. d4 Nf6 5. Nf3 Bg4 6. h3 Bxf3 7. Qxf3 c6 8. Be3 e6 9. Bd3 Nbd7 10. O-O Bd6 11. Ne4 Nxe4 12. Bxe4 Nf6 13. Bg5 Be7 14. Bxf6 Bxf6 15. c3 O-O 16. Rfe1 Qc7 17. h4 Qd8 18. h5 Bg5 19. Bc2 Qd6 20. Qe4 g6 21. g3 Bf6 22. Re2 Qd5 23. Qg4 Qg5 24. Qf3 Bg7 25. hxg6 hxg6 26. Rae1 a5 27. a4 Rad8 28. Bb3 Rd7 29. Re4 Re8 30. Rf4 Qe7 31. Qg4 Rd6 32. Rfe4 Qd8 33. Qf4 Qd7 34. Qg5 Qe7 35. Qxa5 Bf6 36. Qb4 Qd7 37. Qc4 Kg7 38. Qe2 Rh8 39. Qg4 Rh5 40. Kg2 Rg5 41. Qf3 Rh5 42. Rh1 Rxh1 43. Kxh1 Qe7 44. Kg2 Rd8 45. Re1 Rh8 46. d5 cxd5 47. Bxd5 b6 48. Qe3 Qd7 49. Bb3 Qc6+ 50. Qe4 Qc7 51. Qe3 Qc6+ 52. Qf3 Rh2+ 0-1

[Event "2024 Newport Open"]
[Site "Newport"]
[Date "2024.08.18"]
[Round "4.20"]
[White "Holmes, Matthew A"]
[Black "Thomas, Jac"]
[Result "0-1"]
[WhiteElo "1747"]
[BlackElo "1996"]
[PlyCount "62"]
[EventDate "2024.08.16"]

1. Nf3 d6 2. d4 Nf6 3. c4 g6 4. Nc3 Bg7 5. e4 O-O 6. Be2 e5 7. O-O Nc6 8. d5 Ne7 9. b4 Ne8 10. c5 f5 11. Nd2 f4 12. Bg4 Bxg4 13. Qxg4 h5 14. Qe2 Nf6 15. f3 g5 16. Nc4 Ng6 17. a4 h4 18. h3 Nh5 19. Qa2 Ng3 20. Rd1 g4 21. hxg4 Kf7 22. cxd6 cxd6 23. Nb5 Rh8 24. Nbxd6+ Kf8 25. Ba3 h3 26. gxh3 Rxh3 27. Rd2 Rh1+ 28. Kf2 Qh4 29. Rxh1 Qxh1 30. Ne3 Qh2+ 31. Ng2 Nh4 0-1